000 00301 a2200145 4500
001 180645
020 _a
040 _cMagnum
100 _aFaulkner, Georgene
240 1 0 _aO elefante branco
_lpor
245 1 0 _aO elefante branco
362 0 _a1899
697 _aMAGNITO: IJ/ANIMAIS
942 _cBK
999 _c180645
_d180645